000 00703nam a22002293 4500
999 _c8832
_d8832
001 8832
003 BD - JhCC
005 20180712121744.0
008 970522m19659999enk 000 0 eng d
035 _a(BD - JhCC)8832
040 _aEQO
_cEQO
_dBD-JhCC
041 _aeng
082 _bYGL 1965
_a428
100 1 _aYglesias, J. R. C.
_q(John Roy Charles),
_d1914-
245 1 0 _aPleasure in English :
_bschool certificate stage (New Zealand) /
_c[by] J.R.C. Yglesias and M.C. McLaren.
260 _aLondon [&c.],
_c1965-
300 _a160 p.
_c15 cm.
650 _aEnglish language--Composition and exercises
700 1 _aMcLaren, Margaret
_q(Margaret Cameron)
942 _2ddc
_cBK